MARC

LEADER 00000nab a2200000 ar4500
001 vtls011724366
003 SK-MaSNL
005 20260303083007.0
008 171129c 2016xo mr|p|||||||000 b|slo
038 |a SNSK 
040 |b slo  |c SNSK  |e AACR2 
041 |a slo 
044 |a xo  |c SK 
080 |a 351.752.1  |x -053.6  |2 2011 
080 |a 72.05  |2 2011 
100 1 |a Adamčíková, Michaela  |4 aut  |9 538902 
245 1 0 |a Mladí majú k dispozícii svoj vlastný klub  |c Michaela Adamčíková 
300 |b Fotogr. 
610 2 7 |a Klub mladých (Spišská Nová Ves, Slovensko)  |2 snsk  |9 1088828 
650 0 7 |a kluby mladých  |2 snsk  |9 1088829 
650 0 7 |a klubová činnosť  |2 snsk  |9 1088830 
650 0 7 |a ciele  |2 snsk  |9 536478 
651 7 |a Spišská Nová Ves (Slovensko)  |2 snsk  |9 28800 
773 0 |t Ičko. Informátor : kultúrno-spoločenský mesačník mesta Spišská Nová Ves  |g Č. 11/2016, s. 6  |x 1339-049X 
852 |a SNSK  |b KIS3GCP 
856 4 1 |u http://www.spisskanovaves.eu/fileadmin/snv/user_upload/editor/editor1/dokumenty/Icko/2016/Icko_11_2016_web.pdf 
999 |c 1789913  |d 1791843